| 000 | 00524nam a2200229Ia 4500 | ||
|---|---|---|---|
| 008 | 210210b1954 xxu||||| |||| 00| 0 eng d | ||
| 041 | _aeng | ||
| 082 | _a825/894 | ||
| 100 | _aWARNER | ||
| 245 | _aShakespeare in the tropics and other works | ||
| 260 |
_aLondon _bOxford University Press _c1954 |
||
| 650 | _aworks | ||
| 650 | _atropics | ||
| 650 | _athe | ||
| 650 | _aShakespeare | ||
| 650 | _aother | ||
| 650 | _ain | ||
| 650 | _aand | ||
| 690 | _aEnglish Criticism | ||
| 700 | _aOthers | ||
| 906 | _a015209 | ||
| 999 |
_c134526 _d134526 |
||